[Event "British Rapidplay"]
[Site "Peterborough"]
[Date "2024.03.03"]
[Round "11"]
[White "Bowcott Terry, Finlay"]
[Black "Banerjee, Supratit"]
[Result "1-0"]
[WhiteElo "2081"]
[BlackElo "2025"]
[PlyCount "77"]
[EventDate "2024.03.02"]
[EventType "swiss (rapid)"]
[EventRounds "11"]
[EventCountry "ENG"]
[SourceTitle "CB10_2024"]
[SourceDate "2024.03.06"]
[SourceVersion "1"]
[SourceVersionDate "2024.03.06"]
[SourceQuality "1"]

1. e4 e6 2. d4 d5 3. Nc3 dxe4 4. Nxe4 Nd7 5. Nf3 Ngf6 6. Ng3 c5 7. Be2 cxd4 8. Nxd4 Bc5 9. Nb3 Be7 10. 0-0 0-0 11. Be3 Ne5 12. Qe1 Bd7 13. Rd1 Qc7 14. Bf4 Nd5 15. Bxe5 Qxe5 16. c3 Rad8 17. Bf3 Qxe1 18. Rfxe1 Nb6 19. Nf5 exf5 20. Rxe7 Bc6 21. Nd4 g6 22. Nxc6 Rxd1+ 23. Bxd1 bxc6 24. Rxa7 Rd8 25. Bb3 Nd5 26. g3 g5 27. Ra6 Ne7 28. Bc4 g4 29. a4 Rd1+ 30. Kg2 Ng6 31. Ra5 f4 32. gxf4 h5 33. f5 Nh4+ 34. Kg3 Nf3 35. f6 Rg1+ 36. Kf4 h4 37. Ra8+ Kh7 38. Bd3+ Kh6 39. Rh8# 1-0

[Event "BCF-chT2 2324 (4NCL)"]
[Site "England"]
[Date "2024.02.11"]
[Round "6.33"]
[White "Bowcott Terry, Finlay"]
[Black "Banerjee, Supratit"]
[Result "1-0"]
[WhiteElo "2016"]
[BlackElo "2137"]
[PlyCount "127"]
[EventDate "2023.11.11"]
[EventType "team-tourn"]
[EventRounds "11"]
[EventCountry "ENG"]
[SourceTitle "CB11_2024"]
[SourceDate "2024.03.13"]
[SourceVersion "1"]
[SourceVersionDate "2024.03.13"]
[SourceQuality "1"]
[WhiteTeam "Warwicks Select"]
[BlackTeam "The ADS"]
[WhiteTeamCountry "ENG"]
[BlackTeamCountry "ENG"]

1. e4 e6 2. d4 d5 3. Nc3 dxe4 4. Nxe4 Nd7 5. Nf3 Ngf6 6. Ng3 c5 7. c3 cxd4 8. Nxd4 Bc5 9. Be2 0-0 10. 0-0 Nb6 11. Nb3 Be7 12. Bd3 Bd7 13. Be3 Nbd5 14. Bd2 Qc7 15. Qf3 Rad8 16. Rad1 Bc6 17. Nd4 Nb4 18. Nxc6 Rxd3 19. Nxe7+ Qxe7 20. Qe2 Rfd8 21. Bg5 Rxd1 22. Rxd1 Rxd1+ 23. Qxd1 Nbd5 24. c4 h6 25. Bc1 Nb4 26. a3 Nc6 27. Be3 Qc7 28. b4 Ne5 29. Bf4 g5 30. Bxe5 Qxe5 31. Qc1 Qd4 32. h3 Nd7 33. Nf1 Ne5 34. c5 Ng6 35. Qe3 Qd5 36. Ng3 Nf4 37. Ne4 Qd1+ 38. Kh2 Ne2 39. f3 Nf4 40. Qd2 Qa1 41. b5 Nd5 42. c6 bxc6 43. bxc6 Qe5+ 44. Kh1 Kg7 45. Qc1 f5 46. Nc5 Nf4 47. c7 Qxc7 48. g3 Qc6 49. Qc3+ Kf7 50. gxf4 gxf4 51. Kg2 Qd5 52. Nd3 Qa2+ 53. Nf2 Kg6 54. Qa5 Kh5 55. Qxa7 e5 56. Qc5 Qg8+ 57. Kf1 Qe6 58. Nd3 Qb3 59. Ne1 Kh4 60. Qxe5 Kg3 61. Qc5 Qa4 62. Qf2+ Kxh3 63. Kg1 Qxa3 64. Qh2# 1-0

[Event "BCF-chT2 2324 (4NCL)"]
[Site "England"]
[Date "2024.01.14"]
[Round "4.4"]
[White "Li, Vladimir"]
[Black "Bowcott Terry, Finlay"]
[Result "1-0"]
[WhiteElo "2294"]
[BlackElo "2021"]
[PlyCount "97"]
[EventDate "2023.11.11"]
[EventType "team-tourn"]
[EventRounds "11"]
[EventCountry "ENG"]
[SourceTitle "CB11_2024"]
[SourceDate "2024.03.13"]
[SourceVersion "1"]
[SourceVersionDate "2024.03.13"]
[SourceQuality "1"]
[WhiteTeam "CSC/Kingston"]
[BlackTeam "Warwicks Select"]
[WhiteTeamCountry "ENG"]
[BlackTeamCountry "ENG"]

1. d4 f5 2. Nc3 Nf6 3. Bg5 d5 4. e3 c6 5. Bd3 e6 6. Nf3 Bd6 7. 0-0 0-0 8. Ne2 Qe8 9. c4 Ne4 10. Bf4 Bxf4 11. exf4 Qe7 12. Ne5 Nd7 13. c5 Nxe5 14. fxe5 Bd7 15. f3 Ng5 16. Qd2 b6 17. b4 Nf7 18. a4 Rfb8 19. Rab1 Qf8 20. f4 Kh8 21. Rfc1 bxc5 22. Rxc5 Qd8 23. Rbc1 a6 24. Rb1 Rb6 25. a5 Rbb8 26. Nc3 g5 27. Ne2 gxf4 28. Nxf4 Qg5 29. Rc3 Rg8 30. Bf1 Nh6 31. Rg3 Ng4 32. Rbb3 Qh4 33. Rh3 Qe7 34. Rh5 Be8 35. Rbh3 Bxh5 36. Rxh5 Rab8 37. h3 Nxe5 38. dxe5 Rxb4 39. Rh6 c5 40. Nxe6 Rb1 41. Qxd5 c4 42. Qxc4 Qb7 43. Nf4 Rb4 44. Qc1 Rb1 45. Qc3 Rb3 46. Qd4 Qe4 47. Qd7 Rxg2+ 48. Nxg2 Qd4+ 49. Qxd4 1-0

[Event "Robinson Cup U14"]
[Site "Dundalk"]
[Date "2019.07.23"]
[Round "3.17"]
[White "Bowcott Terry, Finlay"]
[Black "Boghossian, Wahe"]
[Result "1-0"]
[WhiteElo "1888"]
[BlackElo "1732"]
[PlyCount "121"]
[EventDate "2019.07.22"]
[EventType "team-tourn"]
[EventRounds "5"]
[EventCountry "IRL"]
[SourceTitle "EXT 2022"]
[Source "ChessBase"]
[SourceDate "2021.10.06"]
[SourceVersion "1"]
[SourceVersionDate "2021.10.06"]
[SourceQuality "1"]
[WhiteTeam "England (U14)"]
[BlackTeam "Netherlands (U14)"]
[WhiteTeamCountry "ENG"]
[BlackTeamCountry "NED"]

1. e4 c5 2. Nf3 d6 3. d4 cxd4 4. Qxd4 Nc6 5. Bb5 Bd7 6. Bxc6 bxc6 7. c4 Qb6 8. Qd3 Nf6 9. Nc3 g6 10. 0-0 Bg7 11. Be3 Qc7 12. Bd4 0-0 13. Rad1 Bg4 14. h3 Bxf3 15. Qxf3 Rab8 16. b3 Qa5 17. Na4 Nd7 18. Bxg7 Kxg7 19. Qc3+ Qxc3 20. Nxc3 f5 21. f4 fxe4 22. Nxe4 h6 23. g3 a5 24. Rfe1 Kf7 25. Re3 Rfe8 26. Rde1 Nf6 27. Nxf6 Kxf6 28. Re6+ Kf7 29. g4 Rb4 30. f5 gxf5 31. gxf5 h5 32. f6 a4 33. fxe7 axb3 34. axb3 Rxb3 35. Rh6 Rg3+ 36. Kh2 Rg6 37. Rxh5 Rg7 38. Rf5+ Kg8 39. Rf6 Rexe7 40. Rxe7 Rxe7 41. Rxd6 c5 42. Rd5 Rc7 43. Kg3 Kg7 44. Kf4 Kf6 45. Rd6+ Ke7 46. Ke5 Rc8 47. Ra6 Rd8 48. Ra7+ Ke8 49. Ke6 Kf8 50. Rd7 Re8+ 51. Kd6 Re4 52. Kxc5 Rh4 53. Rd3 Ke7 54. Kb5 Rh8 55. c5 Rb8+ 56. Kc6 Rc8+ 57. Kb6 Rb8+ 58. Kc7 Rh8 59. Re3+ Kf6 60. c6 Rh7+ 61. Kc8 1-0

[Event "BCF-ch U12"]
[Site "Llandudno"]
[Date "2017.08.03"]
[Round "5"]
[White "Bowcott Terry, Finlay"]
[Black "Hammond, Benjamin"]
[Result "1-0"]
[WhiteElo "1772"]
[BlackElo "1505"]
[PlyCount "99"]
[EventDate "2017.07.30"]
[EventType "swiss"]
[EventRounds "7"]
[EventCountry "WLS"]
[SourceTitle "CBM 179 Extra"]
[Source "ChessBase"]
[SourceDate "2017.08.23"]
[SourceVersion "1"]
[SourceVersionDate "2017.08.23"]
[SourceQuality "1"]

1. d4 d5 2. c4 dxc4 3. e4 Nc6 4. Nf3 Bg4 5. Bxc4 Nxd4 6. Qxd4 Qxd4 7. Nxd4 c6 8. f3 Bh5 9. Be3 0-0-0 10. 0-0 e6 11. Nb3 Nf6 12. a4 a6 13. Bb6 Rd7 14. Nc3 Bb4 15. g4 Bg6 16. h4 h5 17. g5 Ne8 18. Rfd1 Nd6 19. Be2 f6 20. Bc5 Bxc5+ 21. Nxc5 Rdd8 22. Nxe6 Rd7 23. Nxg7 fxg5 24. hxg5 Rxg7 25. Rxd6 Be8 26. f4 h4 27. Bg4+ Kc7 28. e5 h3 29. Kh2 Bg6 30. Rad1 Kb6 31. b4 Rh4 32. Kg3 Rh8 33. Bxh3 Rgh7 34. Bg4 Be8 35. Nd5+ Ka7 36. Nf6 Rf7 37. Nxe8 Rxe8 38. Bh5 Ref8 39. Bxf7 Rxf7 40. e6 Re7 41. f5 c5 42. bxc5 a5 43. f6 Rc7 44. R1d5 Rc6 45. e7 Rc8 46. Rd8 b6 47. e8Q Rxd8 48. Rxd8 b5 49. Rd7+ Ka6 50. Qa8# 1-0

[Event "BCF-ch U12"]
[Site "Llandudno"]
[Date "2017.07.31"]
[Round "2"]
[White "Khan, Samir"]
[Black "Bowcott Terry, Finlay"]
[Result "1/2-1/2"]
[WhiteElo "1480"]
[BlackElo "1772"]
[PlyCount "103"]
[EventDate "2017.07.30"]
[EventType "swiss"]
[EventRounds "7"]
[EventCountry "WLS"]
[SourceTitle "CBM 179 Extra"]
[Source "ChessBase"]
[SourceDate "2017.08.23"]
[SourceVersion "1"]
[SourceVersionDate "2017.08.23"]
[SourceQuality "1"]

1. e4 c5 2. Nf3 Nc6 3. d4 cxd4 4. Nxd4 Nf6 5. Nc3 e5 6. Nf3 Bb4 7. Bd3 d6 8. h3 h6 9. 0-0 Be6 10. Bd2 0-0 11. a3 Bxc3 12. Bxc3 Qc7 13. Re1 Nd7 14. Bb5 a6 15. Be2 Nc5 16. Bd3 f6 17. Bf1 Rad8 18. Bb4 b6 19. c4 a5 20. Bc3 Qf7 21. Nh4 f5 22. exf5 Bxf5 23. Nxf5 Qxf5 24. Qd5+ Kh8 25. Qxc6 Qxf2+ 26. Kh1 Qg3 27. Qxb6 Rd7 28. Bxe5 Rxf1+ 29. Rxf1 Qxe5 30. Qxa5 Qxb2 31. Qb4 Qe5 32. a4 Ne4 33. Rfe1 Nf2+ 34. Kg1 Qg3 35. Rf1 Nxh3+ 36. Kh1 Nf4 37. Rxf4 Qxf4 38. Qc3 Rc7 39. Qf3 Qxc4 40. Qf8+ Kh7 41. Qxd6 Ra7 42. Qd1 Rf7 43. a5 Rf4 44. Qb1+ g6 45. Qb7+ Kg8 46. Qb8+ Kf7 47. Qb7+ Kf6 48. Qb6+ Kg5 49. Qd8+ Rf6 50. a6 Qh4+ 51. Kg1 Qf2+ 52. Kh1 1/2-1/2

[Event "BCF-ch U12"]
[Site "Llandudno"]
[Date "2017.07.30"]
[Round "1"]
[White "Bowcott Terry, Finlay"]
[Black "Kumar, Yuvraj"]
[Result "1/2-1/2"]
[WhiteElo "1772"]
[BlackElo "1420"]
[PlyCount "95"]
[EventDate "2017.07.30"]
[EventType "swiss"]
[EventRounds "7"]
[EventCountry "WLS"]
[SourceTitle "CBM 179 Extra"]
[Source "ChessBase"]
[SourceDate "2017.08.23"]
[SourceVersion "1"]
[SourceVersionDate "2017.08.23"]
[SourceQuality "1"]

1. d4 Nf6 2. c4 g6 3. Nf3 Bg7 4. Nc3 0-0 5. e4 d6 6. h3 e5 7. d5 Na6 8. Be3 Re8 9. Be2 Nc5 10. Qc2 a6 11. b4 Ncd7 12. Rd1 a5 13. a3 axb4 14. axb4 Nf8 15. c5 Bd7 16. 0-0 Bh8 17. Ra1 Nh5 18. Bg5 f6 19. Bh6 Qe7 20. Nb5 Bxb5 21. Bxb5 Rec8 22. c6 b6 23. Be3 Ng7 24. Ba6 Rcb8 25. Bb7 Rxa1 26. Rxa1 Ne8 27. Rc1 Bg7 28. Bxb6 cxb6 29. c7 Nxc7 30. Qxc7 Rxb7 31. Qxe7 Rxe7 32. Rc6 Rb7 33. Rxd6 Nd7 34. b5 Bf8 35. Rc6 Bc5 36. d6 Rb8 37. Nd2 Kf7 38. Rc7 Ke6 39. Nc4 Rd8 40. Rc6 Nb8 41. d7+ Nxc6 42. bxc6 Bd6 43. Nxb6 Bc7 44. Nc8 f5 45. f3 h5 46. h4 Kf6 47. Kf2 Ke6 48. Ke3 1/2-1/2

[Event "BCF-chT2 1617 (4NCL) Demotion pool"]
[Site "England"]
[Date "2017.04.30"]
[Round "10.58"]
[White "Bowcott Terry, Finlay"]
[Black "Stimpson, Philip M"]
[Result "1/2-1/2"]
[WhiteElo "1772"]
[BlackElo "1925"]
[PlyCount "86"]
[EventDate "2016.11.19"]
[EventType "team-tourn"]
[EventRounds "11"]
[EventCountry "ENG"]
[SourceTitle "EXT 2019"]
[Source "ChessBase"]
[SourceDate "2018.10.10"]
[SourceVersion "1"]
[SourceVersionDate "2018.10.10"]
[SourceQuality "1"]
[WhiteTeam "Warwicks Select II"]
[BlackTeam "Guildford III"]
[WhiteTeamCountry "ENG"]
[BlackTeamCountry "ENG"]

1. d4 Nf6 2. c4 e6 3. Nc3 Bb4 4. Bg5 h6 5. Bh4 b6 6. Nf3 Bb7 7. e3 c5 8. a3 Bxc3+ 9. bxc3 Nc6 10. dxc5 bxc5 11. Rb1 Qc7 12. Bg3 e5 13. Qc2 d6 14. Be2 0-0 15. Bh4 Nd7 16. 0-0 f5 17. h3 Rae8 18. Bg3 g5 19. Rfd1 Re6 20. Ne1 e4 21. Bxd6 Rxd6 22. Rxb7 Qxb7 23. Rxd6 Kg7 24. f4 gxf4 25. exf4 Nf6 26. Qd2 Qc7 27. Nc2 Rd8 28. Ne3 Kg6 29. Rxd8 Qxd8 30. Qxd8 Nxd8 31. Nd5 Nc6 32. Kf2 Nd7 33. g4 Nb6 34. gxf5+ Kxf5 35. Bg4+ Kg6 36. f5+ Kf7 37. Bh5+ Kg8 38. Nxb6 axb6 39. Ke3 Ne5 40. Be2 Kf7 41. Kxe4 Kf6 42. Bf1 Nf7 43. Kd5 Ne5 1/2-1/2